Online
Catalog

Los cazadores de plantas / (Record no. 23631)

MARC details
000 -CABECERA
campo de control de longitud fija 00837nam a2200229 a 4500
001 - NÚMERO DE CONTROL
campo de control 000024137
005 - FECHA Y HORA DE LA ÚLTIMA TRANSACCIÓN
campo de control 20200930022741.0
008 - DATOS DE LONGITUD FIJA--INFORMACIÓN GENERAL
campo de control de longitud fija 110119s1973 sp r 000 f spa d
020 ## - NÚMERO INTERNACIONAL ESTÁNDAR DEL LIBRO
Número Internacional Estándar del Libro 8423915395
040 ## - FUENTE DE LA CATALOGACIÓN
Centro catalogador/agencia de origen DO-SdBNP
Lengua de catalogación spa
Centro/agencia transcriptor BNPHU
082 ## - NÚMERO DE LA CLASIFICACIÓN DECIMAL DEWEY
Número de clasificación 891.623
Número de documento/Ítem R353c
100 1# - ENTRADA PRINCIPAL--NOMBRE DE PERSONA
Nombre de persona Reid, Mayne,
Fechas asociadas al nombre 1818-1883.
9 (RLIN) 49557
245 10 - MENCIÓN DE TÍTULO
Título Los cazadores de plantas /
Mención de responsabilidad, etc. Mayne Reid ; traducción por F. de Casas Gancedo.
260 ## - PUBLICACIÓN, DISTRIBUCIÓN, ETC.
Lugar de publicación, distribución, etc. Madrid, (España) :
Nombre del editor, distribuidor, etc. Espasa-Calpe,
Fecha de publicación, distribución, etc. 1973.
300 ## - DESCRIPCIÓN FÍSICA
Extensión 214, [18] p. ;
Dimensiones 18 cm.
490 0# - MENCIÓN DE SERIE
Mención de serie Austral. Roja: Novelas policíacas de aventuras y femeninas
Designación de volumen o secuencia 1539
500 ## - NOTA GENERAL
Nota general Incluye índice de autores
650 #4 - PUNTO DE ACCESO ADICIONAL DE MATERIA--TÉRMINO DE MATERIA
Término de materia o nombre geográfico como elemento de entrada Novela irlandesa
9 (RLIN) 11511
650 #4 - PUNTO DE ACCESO ADICIONAL DE MATERIA--TÉRMINO DE MATERIA
Término de materia o nombre geográfico como elemento de entrada Literatura irlandesa
9 (RLIN) 11512
700 1# - PUNTO DE ACCESO ADICIONAL--NOMBRE DE PERSONA
Nombre de persona Casas Gancedo, F. de
Término indicativo de función/relación tr.
9 (RLIN) 49558
830 #0 - PUNTO DE ACCESO ADICIONAL DE SERIE-TÍTULO UNIFORME
Título uniforme Austral
Nombre de parte o sección de la obra Roja: Novelas policiacas de aventuras y feminas
Número de parte o sección de la obra 1539
9 (RLIN) 49559
Holdings
Estado de retiro Estado de pérdida Restricciones de uso No para préstamo Código de colección Localización permanente Ubicación/localización actual Ubicación en estantería Fecha de adquisición Número de inventario Total de préstamos Signatura topográfica completa Código de barras Fecha visto por última vez Precio válido a partir de Tipo de ítem Koha Número de copia
        Monografías: Libros y Folletos General General Depósito 19.01.2011 LF1   891.623 R353c 24137-10 25.06.2020 25.06.2020 Préstamo en sala  
  Extraviado   Excluido de préstamo Monografías: Libros y Folletos General General Extraviado 10.04.2017 LF1   891.623 R353c 24137-20 25.06.2020 25.06.2020 No se presta e. 2

Powered by Koha